Statistics for Capitals of the top 10 smallest countries

Click here to take the quiz!

General Stats

  • This quiz has been taken 51 times
  • The average score is 8 of 10

Answer Stats

CountryCapital% Correct
San MarinoSan Marino
100%
VaticanVatican
100%
MonacoMonaco
98%
LiechtensteinVaduz
90%
MaltaValletta
88%
MaldivesMale
83%
NauruYaren
70%
TuvaluFunafuti
68%
St Kitts and NevisBasseterre
63%
Marshall IslandsMajuro
63%

Score Distribution

Percentile by Number Answered

Percent of People with Each Score

Your Score History

You have not taken this quiz